Online
Catalog

Los años postergados : (Record no. 24443)

MARC details
000 -CABECERA
campo de control de longitud fija 00596nam a2200181 u 4500
001 - NÚMERO DE CONTROL
campo de control 000024950
005 - FECHA Y HORA DE LA ÚLTIMA TRANSACCIÓN
campo de control 20200930023453.0
008 - DATOS DE LONGITUD FIJA--INFORMACIÓN GENERAL
campo de control de longitud fija 110208s1975 ag a r 000 0 spa d
040 ## - FUENTE DE LA CATALOGACIÓN
Centro catalogador/agencia de origen DO-SdBNP
Lengua de catalogación spa
Centro/agencia transcriptor BNPHU
082 ## - NÚMERO DE LA CLASIFICACIÓN DECIMAL DEWEY
Número de clasificación nn*
Número de documento/Ítem nn*
049 ## - FONDOS LOCALES (OCLC)
Fondos de biblioteca BNGR
100 1# - ENTRADA PRINCIPAL--NOMBRE DE PERSONA
Nombre de persona Piaget, Jean.
9 (RLIN) 51208
245 14 - MENCIÓN DE TÍTULO
Título Los años postergados :
Resto del título la primera infancia /
Mención de responsabilidad, etc. J. Piaget y otros.
260 ## - PUBLICACIÓN, DISTRIBUCIÓN, ETC.
Lugar de publicación, distribución, etc. Buenos Aires :
Nombre del editor, distribuidor, etc. Paidos-Unicef,
Fecha de publicación, distribución, etc. 1975.
300 ## - DESCRIPCIÓN FÍSICA
Extensión 191 p. :
Otras características físicas il. ;
Dimensiones 18 cm.
490 10 - MENCIÓN DE SERIE
Mención de serie Biblioteca del Educador Contemporaneo. Menor
Designación de volumen o secuencia 194
830 #0 - PUNTO DE ACCESO ADICIONAL DE SERIE-TÍTULO UNIFORME
Título uniforme Biblioteca del Educador Contemporaneo
Nombre de parte o sección de la obra Menor,
Designación de volumen o secuencia 194
9 (RLIN) 51209
Holdings
Estado de retiro Estado de pérdida Restricciones de uso No para préstamo Código de colección Localización permanente Ubicación/localización actual Ubicación en estantería Fecha de adquisición Número de inventario Total de préstamos Signatura topográfica completa Código de barras Fecha visto por última vez Precio válido a partir de Tipo de ítem Koha
        Monografías: Libros y Folletos General General En catalogación 08.02.2011 LF1   nn* nn* 24950-10 25.06.2020 25.06.2020 Préstamo en sala

Powered by Koha